000 01020nmc a2200361 a 4500
003 AR-BaBNM
005 20251128203908.0
008 011101s1976 ||||||||||||||000 | spa||
040 _cAR-BaBNM
100 1 _aWaisberg Bonow, Iva
245 1 0 _aManual de trabajos prácticos en la psicología educacional
260 _aBuenos Aires
_bKapelusz
_c1976
300 0 _a351 p.
_bcuadros, gráfs., tablas
490 0 _aBiblioteca de cultura pedagógica
500 0 _aContiene apéndices
504 _aContiene bibliografía
650 4 _aPSICOLOGIA DE LA EDUCACION
650 4 _aCOMPORTAMIENTO DEL ALUMNO
650 4 _aPRUEBAS PSICOLOGICAS
650 4 _aCONDUCTA DEL GRUPO
650 4 _aSOCIOMETRIA
650 4 _aCOMPORTAMIENTO DEL DOCENTE
650 4 _aMETODOS DE ESTUDIO
650 4 _aMETODOS DE ENSENANZA
650 4 _aMATERIAL DIDACTICO
650 4 _aPROYECTORES
650 4 _aCINE
650 4 _aENTREVISTAS
650 4 _aAPRENDIZAJE
650 4 _aEVALUACION
942 _cBK
998 _cGrace
999 _c5375
_d5375